000 00950nam a2200229 i 4500
001 28464
003 ES-MaACL
005 20250727001754.0
007 t|
008 030117s1891 sp ||||1| spa d
100 1 _aBarado, Francisco (
_d1853-1922)
_925276
245 1 0 _aSitio de Amberes 1584-1585
_b: antecedentes y relación crítica con el principio y fin que tuvo la dominación española en los Estados Bajos /
_cpor Francisco Barado.
260 _aMadrida :
_bJ. Palacios,
_c1891.
300 _a484 p., 6 lám. :
_bil. ;
_c20 cm.
504 _aBibliografía: p. [477]-484.
530 _aDisponible en formato digital.
651 0 _aPaíses Bajos-
_xHistoria-
_y1556-1648 (Guerras de la Independencia)
_9241409
651 4 _aAmberes-
_xHistoria-
_y1584-1585, Sitio.
_9161988
852 _aES-MaACL
_jG-1859
856 _uhttp://bdh-rd.bne.es/viewer.vm?id=0000051995&page=1
_zBiblioteca Digital Hispánica
999 _c28464
_d28464